00596nam a22001817a 450000500170000001000400001702000300005703500370008703700130012403700210013708200060015810000190016424500410018326000360022427000640026030000230032452000670034720230613151910.0 aENG-104093 B-460881-885 ENG-137113 a978-93-80658-56-8c350.00 aEN-87626 B-460881-885 EN-120645 bDBAD/PUB bVirtuous Pub/Ven aN aKrishnan, P.A. aThe muddy river /cby P.A. Krishnan aChennaibTranquebar Pressc2011 aVenkat Towers, 165, P.H. Road, MaduravoyalbChennaie600095 a248p. c21cm (pbk) aShort stories, poems, and articles on terrorism in South Asia.